Wszystkie ksywy Belmondo - Statystyki

Ogólne statystyki
  • Ten quiz został rozwiązany 64 razy
  • Średni wynik to 18 z 84
Statystyki odpowiedzi
Odpowiedź % Poprawnych
Młody G
96%
Belmondo
81%
Bel Mondo
81%
Belmondawg
77%
Młody G z Gdyni
74%
Młody Sarmata
60%
G
55%
Młody Gdynianin
49%
Obywatel bez nipu
49%
Belmondziarz
43%
Nowy Napoleon tylko większe berło
43%
Scrooge Ebenezer
40%
Kolega od jebanka
38%
Tytus
38%
Algidzia
34%
Nowy Tony Hawk tylko że rapowy
34%
Obywatel meksyku
34%
Młody Rastafari
32%
Nowy Bonaparte tylko że naprawdę
32%
Młody G sportowiec
30%
Młody G Sportowiec
30%
Młody Muchadore
30%
Tyti
30%
George Orwell z bongiem
28%
Keepercipek
28%
Młody Algida
28%
Sztosinger
28%
Bojkot
26%
Młody Gypsy
26%
Młody Mowgli
26%
Daquan
23%
Młody Kmicic
23%
Młody Mastermind
23%
Mobbyn Ranger
23%
Młody G z Gdyni a nie z Nairobi
21%
Psychodeliczny wiking
21%
Atlas
19%
dr. Traphałs
19%
Młody G z Gdyni a nie z Francji
19%
Syn Ayn
19%
Urwipołeć śmierdzący groszem
19%
Muszkieter
17%
Nowy Larry Flynt
17%
Ostateczny nurt
17%
Czarodziej z Oz
15%
Inspektor gadget
15%
Liroy Merlin
15%
Młody Stavro Blofeld
15%
Mowgli Wychowanek Dżungli
15%
Nowy Orson Welles
15%
Sportowiec
15%
Hajle Syllasje
13%
Husky
13%
Młody Bi
13%
Młody figlarz
13%
Młody Libertarianin
13%
Młody Scrooge McDuck
13%
Młody Snake Plissken
13%
Belmondziak Sztosinger
11%
Młody murzynek Bambo
11%
Proteziak
11%
Młody G z Gdyni a nie z Kambodży
9%
Młody gingerbread man
6%
Młody Glitch
6%
Sułtan
4%
Młody G kapral
2%
Młody G Sarmata
2%
Młody G z Gdyni a nie z Indii
2%
Młody G z Gdyni a nie z Libii
2%
Młody howlin wolf
2%
฿elmondœ
0%
Hehehead
0%
Młody Bamber
0%
Młody Gist
0%
Młody G'ro
0%
Młody G z Gdyni a nie z skądś tam
0%
Młody G z Gdyni i nie z Kambodży
0%
Nowy Mad Max, tylko mam hajc
0%
Nowy młody Kmicic
0%
Polski Kanye West
0%
Strimer
0%
Szefc
0%
Z Gdynii Młody G a nie z Rosji
0%
Z Gdyni młody G, a nie z backtown
0%
Nie znaleziono quizów pasujących do podanych kryteriów
Rozkład punktacji
Procent ludzi z każdym wynikiem
Percentyl według liczby udzielonych odpowiedzi
Twoja historia wyników
Nie rozwiązałeś tego quizu